| 000 | 03232nam0a2200637 4500 | ||
|---|---|---|---|
| 001 | RU\NLR\bibl\1509352 | ||
| 005 | 20260406005425.0 | ||
| 010 |
_a978-5-89508-088-7 _9500 |
||
| 021 |
_aRU _b2010-21975 _91482 |
||
| 035 | _a(nilc)LIBNET\0000024294 | ||
| 035 | _a1VIL\RUSMED\0000167309 | ||
| 035 | _a(NLR Aleph) 001500756 | ||
| 090 |
_a1794965 _c1794965 |
||
| 100 | _a20100415d2010 |||y0rusy50 ca | ||
| 101 | 0 | _arus | |
| 102 | _aRU | ||
| 105 | _aa ||||||||| | ||
| 200 | 1 |
_aМаркетинговый анализ состояния и перспектив рынка медицинских технологий _eмонография _fУстинова Лилия Николаевна _gГос. образоват. учреждение высш. проф. образования Рос. гос. ин-т интеллект. собственности, Каф. "Упр. инновациями и коммерциализация интеллект. собственности" |
|
| 210 |
_aМосква _cРГИИС _d2010 |
||
| 215 |
_a224 с. _cил. _d21 |
||
| 320 | _aБиблиогр.: с. 223-224 (25 назв.) | ||
| 606 | 1 |
_aТЕХНОЛОГИЯ МЕДИЦИНСКАЯ _xэкономика _2rus_mesh _3R13887-12.1 |
|
| 606 | 1 |
_aTECHNOLOGY, MEDICAL _xeconomics _2rus_mesh _3E13887-12.1 |
|
| 606 | 1 |
_aЗДРАВООХРАНЕНИЯ СЛУЖБ МАРКЕТИНГ _xтенденции _2rus_mesh _3R8543-9.1 |
|
| 606 | 1 |
_aMARKETING OF HEALTH SERVICES _xtrends _2rus_mesh _3E8543-9.1 |
|
| 606 | 1 |
_aЗДРАВООХРАНЕНИЯ СЛУЖБ МАРКЕТИНГ _xэкономика _2rus_mesh _3R8543-10.1 |
|
| 606 | 1 |
_aMARKETING OF HEALTH SERVICES _xeconomics _2rus_mesh _3E8543-10.1 |
|
| 606 | 1 |
_aМедицина _xИнновационные технологии _xРынки _92596969 _3RU\NLR\auth\661534390 |
|
| 686 |
_a76.75.75 _2rugasnti |
||
| 686 |
_aH02.010.825 - экономика _v2010 _2MESH |
||
| 686 |
_aJ01.897.780 - экономика _v2010 _2MESH |
||
| 686 |
_aH02.010.825 - economics _v2010 _2MESH |
||
| 686 |
_aJ01.897.780 - economics _v2010 _2MESH |
||
| 686 |
_aJ01.219.687.550 - тенденции _v2010 _2MESH |
||
| 686 |
_aN03.219.463.548 - тенденции _v2010 _2MESH |
||
| 686 |
_aN05.300.430.500 - тенденции _v2010 _2MESH |
||
| 686 |
_aJ01.219.687.550 - trends _v2010 _2MESH |
||
| 686 |
_aN03.219.463.548 - trends _v2010 _2MESH |
||
| 686 |
_aN05.300.430.500 - trends _v2010 _2MESH |
||
| 686 |
_aJ01.219.687.550 - экономика _v2010 _2MESH |
||
| 686 |
_aN03.219.463.548 - экономика _v2010 _2MESH |
||
| 686 |
_aN05.300.430.500 - экономика _v2010 _2MESH |
||
| 686 |
_aJ01.219.687.550 - economics _v2010 _2MESH |
||
| 686 |
_aN03.219.463.548 - economics _v2010 _2MESH |
||
| 686 |
_aN05.300.430.500 - economics _v2010 _2MESH |
||
| 686 | _aР.с | ||
| 700 | 1 |
_4070 _8rus _7ca _aУстинова _bЛ. Н. _cд-р экон. наук _gЛилия Николаевна _3RU\NLR\AUTH\77114908 _997833 |
|
| 801 | 0 |
_aRU _bЦНМБ _c20100415 _gPSBO |
|
| 801 | 1 |
_aRU _bЦНМБ _c20100415 |
|
| 801 | 2 |
_aRU _bЦНМБ _c20100421 |
|
| 801 | 2 |
_aRU _bNLR _c20100511 _grcr |
|
| 830 | _aавт. раскрыт по кн. | ||
| 942 | _cBOOK | ||
| 980 | _aNB | ||